Be-ron ṭal : (Record no. 33190)

MARC details
000 -LEADER
fixed length control field 00533cam a22002051 4500
001 - CONTROL NUMBER
control field he 68001077
003 - CONTROL NUMBER IDENTIFIER
control field DLC
005 - DATE AND TIME OF LATEST TRANSACTION
control field 20260227111457.0
008 - FIXED-LENGTH DATA ELEMENTS--GENERAL INFORMATION
fixed length control field 840529s1967 is 000 0 heb
010 ## - LIBRARY OF CONGRESS CONTROL NUMBER
LC control number he 68001077
035 ## - SYSTEM CONTROL NUMBER
System control number (OCoLC)19137978
040 ## - CATALOGING SOURCE
Original cataloging agency DLC
Transcribing agency MH
Modifying agency CU
-- DLC
042 ## - AUTHENTICATION CODE
Authentication code premarc
050 00 - LIBRARY OF CONGRESS CALL NUMBER
Classification number PJ5054.S265
Item number B4
100 1# - MAIN ENTRY--PERSONAL NAME
Personal name Shadmi, Ḥanan.
245 10 - TITLE STATEMENT
Title Be-ron ṭal :
Remainder of title shirim.
260 ## - PUBLICATION, DISTRIBUTION, ETC.
Place of publication, distribution, etc. [Tel Aviv] :
Name of publisher, distributor, etc. Maḥbarot le-sifrut
Date of publication, distribution, etc. [1967 or 1968]
300 ## - PHYSICAL DESCRIPTION
Extent 95 p. ;
Dimensions 18 cm.
752 ## - ADDED ENTRY--HIERARCHICAL PLACE NAME
Country or larger entity Israel
City Tel Aviv

No items available.

Powered by Koha